Το <<Σύνταγμα>> της Ευρώπης αντιμέτωπο με την εθνική και λαϊκή κυριαρχία
Αποθηκεύτηκε σε:
| Κύριος συγγραφέας: | |
|---|---|
| Μορφή: | Βιβλίο |
| Γλώσσα: | Greek |
| Δημοσίευση: |
Αθήνα :
Παπαζήσης,
2004
|
| Σειρά: | Διεθνής και ευρωπαϊκή πολιτική
|
| Θέματα: | |
| Ετικέτες: |
Προσθήκη ετικέτας
Δεν υπάρχουν, Καταχωρήστε ετικέτα πρώτοι!
|
MARC
| LEADER | 00000cam a2200000 i 4500 | ||
|---|---|---|---|
| 001 | 1/96539 | ||
| 008 | 081104s2004 gre d | ||
| 020 | |a 960-02-1740-8 | ||
| 035 | |l 10101379 | ||
| 040 | |a GR-MY-UA |b gre |e aacr | ||
| 041 | 0 | |a gre | |
| 082 | 0 | |a 342.4 |2 (22) | |
| 100 | 1 | |a Μανιτάκης, Αντώνης Ν., |d 1944- | |
| 245 | 1 | 3 | |a Το <<Σύνταγμα>> της Ευρώπης αντιμέτωπο με την εθνική και λαϊκή κυριαρχία / |c Αντώνης Μανιτάκης |
| 260 | |a Αθήνα : |b Παπαζήσης, |c 2004 | ||
| 300 | |a 129 σ. |e 21 εκ. | ||
| 490 | 1 | |a Διεθνής και Ευρωπαϊκή Πολιτική | |
| 504 | |a Περιλαμβάνει βιβλιογραφίες | ||
| 650 | 0 | 0 | |a Constitutional law |z European Union countries. |
| 650 | 0 | 0 | |a Law reform |z European Union countries. |
| 650 | 0 | 0 | |a Constitutional history |z European Union countries. |
| 651 | 0 | |a Europe |x Politics and government. | |
| 830 | 0 | |a Διεθνής και ευρωπαϊκή πολιτική | |
| 852 | |a INST |b RHODES |e 20081104 |h 342.4 ΜΑΝ |p 005400031149 |q 005400031149 |t BK |y 0 | ||
| 901 | |a BIBL4-2008-3 | ||
| 909 | |a Ρ |b 153552 | ||
| 970 | |a ΧΑΡΙΟΠΟΛΙΤΟΥ |b ΚΩΝΣΤΑΝΤΙΝΑ |z 2008/11/04 | ||